| 000 -LEADER | |
|---|---|
| fixed length control field | 00357nam a22001337a 4500 |
| 005 - DATE AND TIME OF LATEST TRANSACTION | |
| control field | 20230726121921.0 |
| 008 - FIXED-LENGTH DATA ELEMENTS--GENERAL INFORMATION | |
| fixed length control field | 230726b |||||||| |||| 00| 0 eng d |
| 041 ## - LANGUAGE CODE | |
| Language code of text/sound track or separate title | eng |
| 100 ## - MAIN ENTRY--AUTHOR NAME | |
| Personal name | HELLENIC REPUBLIC |
| 245 ## - TITLE STATEMENT | |
| Title | CODEX: HELLENIC INSTITUTE OF BYZANTINE AND POST BYZANTINES STUDIES IN VENICE |
| 260 ## - PUBLICATION, DISTRIBUTION, ETC. (IMPRINT) | |
| Place of publication | ATHENS |
| Year of publication | 2022 |
| 300 ## - PHYSICAL DESCRIPTION | |
| Number of Pages | 88;p |
| 942 ## - ADDED ENTRY ELEMENTS (KOHA) | |
| Koha item type | Books |
| Lost status | Damaged status | Collection code | Home library | Current library | Shelving location | Date acquired | Source of acquisition | Full call number | Accession Number | Koha item type |
|---|---|---|---|---|---|---|---|---|---|---|
| ENGLISH LITERATURE | JRU Library | JRU Library | SHELF-103-A | 25/07/2023 | DONATION | 889 | 0012/D(A) | Books |